Vplyv elektroenergetiky na životné prostredie /
Uložené v:
| Hlavný autor: | |
|---|---|
| Médium: | Kniha |
| Jazyk: | Slovak |
| Vydavateľské údaje: |
Žilina :
Žilinská univerzita,
1999
|
| Vydanie: | 1. vydanie |
| Tagy: |
Žiadne tagy, Buďte prvý, kto otaguje tento záznam!
|
MARC
| LEADER | 00000nam a22000003a 4500 | ||
|---|---|---|---|
| 001 | 0110146 | ||
| 003 | SK-STU | ||
| 005 | 20240620105424.4 | ||
| 007 | ta | ||
| 008 | 240620s ----xo-----e------000-0-----d | ||
| 020 | |a 80-7100-630-0 | ||
| 040 | |a STU |b slo | ||
| 041 | 0 | |a slo | |
| 044 | |a xo | ||
| 080 | |a 621.31 | ||
| 100 | 1 | |a Novák, Milan |4 aut | |
| 245 | 1 | 0 | |a Vplyv elektroenergetiky na životné prostredie / |c aut. Milan Novák |
| 250 | |a 1. vydanie | ||
| 260 | |a Žilina : |b Žilinská univerzita, |c 1999 | ||
| 300 | |a 122 s. | ||
| 996 | |b 284EK90693 |c E* 90693 |l EE01 |s A |a 24 |w 0110146_0001 | ||